<?xml version="1.0" encoding="UTF-8"?>
<collection xmlns="http://www.loc.gov/MARC21/slim">
  <record>
    <leader>00000nam  2200000   4500</leader>
    <controlfield tag="001">INLIS000000000018640</controlfield>
    <controlfield tag="005">20241202025443</controlfield>
    <datafield tag="035" ind1="#" ind2="#">
      <subfield code="a">0010-1224000011</subfield>
    </datafield>
    <controlfield tag="007">ta</controlfield>
    <controlfield tag="008">241202###########################0######</controlfield>
    <datafield tag="245" ind1="#" ind2="#">
      <subfield code="a">HARD WORK :</subfield>
      <subfield code="b">Penguatan Keterampilan mahasiswa prodi manajemen melalui workshop penulisan karya ilmiah /</subfield>
      <subfield code="c">Dudi Amarullah, M.SM</subfield>
    </datafield>
    <datafield tag="260" ind1="#" ind2="#">
      <subfield code="a">Makassar :</subfield>
      <subfield code="b">Puslatbang KMP RI LAN Makassar,</subfield>
      <subfield code="c">2024</subfield>
    </datafield>
    <datafield tag="300" ind1="#" ind2="#">
      <subfield code="a">33 ;</subfield>
      <subfield code="c">30</subfield>
    </datafield>
    <datafield tag="650" ind1="#" ind2="4">
      <subfield code="a">Penguatan Keterampilan mahasiswa prodi manajemen melalui workshop penulisan karya ilmiah</subfield>
    </datafield>
    <datafield tag="700" ind1=" " ind2="#">
      <subfield code="a">M. Asril Arilaha, SE., M.M (Mentor)</subfield>
    </datafield>
    <datafield tag="700" ind1=" " ind2="#">
      <subfield code="a">Lutfina Thalita E. Zainsa, S.H (Coach)</subfield>
    </datafield>
    <datafield tag="520" ind1="#" ind2="#">
      <subfield code="a">Dalam pelaksanaan Aktualisasi Pelatihan Dasar CPNS 2024, Angkatan XVIII ini, Peserta mengangkat isu "Masih rendahnya karya ilmiah mahasiswa Prodi Manajemen yang terbit di jurnal terindeks SINTA." Sebelum mengangkat isu ini, Peserta telah melalui beberapa tahapan penting. Pertama, Peserta melakukan identifikasi isu di instansi asal, yakni Fakultas Ekonomi dan Bisnis, Universitas Khairun, dan menemukan tiga isu penting. Selanjutnya, ketiga isu tersebut dianalisis menggunakan metode APKL untuk menentukan kelayakan isu berdasarkan pada empat faktor, yakni Aktual, Problematik, Kekhalayakan dan Layak. Oleh karena hasil analisis APKL tidak menghasilkan Kesimpulan yang pasti mengenai isu mana yang akan menjadi prioritas, ketiga isu tersebut dianalisis lebih lanjut menggunakan metode USG (Urgency. Seriousness dan Growth). Berdasarkan pada hasil analisis menggunakan metode USG, diperoleh isu prioritas yang didasarkan pada nilai tertinggi, yakni "Masih rendahnya karya ilmiah mahasiswa yang terbit di jurnal terindeks SINTA. Setelah isu prioritas ditetapkan, Peserta selanjutnya memetakan penyebab masalah dengan menggunakan diagram Fishbone. Sebagai hasilnya, diperoleh tiga akar penyebab masalah, yakni kurangnya pengetahuan mahasiswa mengenai jurnal yang sesuai dengan bidang ilmu, kurangnya ruang mahasiswa untuk berdiskusi mengenai penulisan karya ilmiah, dan kurangnya pemahaman mahasiswa mengenai cara membuat karya tulis ilmiah yang layak terbit. Dari tiga akar penyebab masalah tersebut, Peserta selanjutnya menyusun rencana kegiatan aktualisasi untuk mengatasi isu prioritas, yang terdiri dari: 1) Berdiskusi dengan mentor mengenai rencana kegiatan off-campus; 2) Berdiskusi dengan pimpinan fakultas (Dekan dan Korprodi) mengenai pelaksanaan workshop penulisan karya ilmiah yang layak publikasi di jurnal terindeks SINTA; 3) Berdiskusi dengan pengurus Badan Eksekutif Mahasiswa (BEM) Fakultas Ekonomi dan Bisnis terkait kerja sama pelaksanaan kegiatan workshop: 4) Sosialisasi/promosi kegiatan workshop kepada mahasiswa Fakultas Ekonomi dan Bisnis; 5) Pelaksanaan workshop penulisan karya ilmiah yang layak publikasi di jurnal terindeks SINTA; dan 6) Membuat grup diskusi (Whatsapp).</subfield>
    </datafield>
    <datafield tag="856" ind1="#" ind2="#">
      <subfield code="a">PUSLATBANG KMP LAN RI Makassar</subfield>
    </datafield>
  </record>
</collection>
